000 00937 a2200217 4500
003 Nust
005 20220812120818.0
010 _a 99040461
020 _a0849302498 (alk. paper)
035 _a(DLC) 99040461
040 _cNust
082 0 0 _a621.38132,NEL
100 1 _aNelson, Greg
_996981
245 1 0 _aHigh frequency and microwave circuit design /
_cCharles G. Nelson.
260 _aBoca Raton, FL :
_bCRC Press,
_c1999.
300 _a165 p. :
_bill. ;
_c24 cm.
505 _aFrom Lumped to Distributed Parameters (Page-1), Impedance Matching Techniques (Page-37), Selective Circuits, Oscillators, and Receivers (Page-61), Modulation and Demodulation Circuitry (Page-81), Noise and Amplifier Noise Figure (Page-109), Antennas and Antenna Systems (Page-135)
650 0 _aTelecommunication Engineering.
856 4 2 _3Publisher description
_uhttp://www.loc.gov/catdir/enhancements/fy0744/99040461-d.html
942 _cREF
_2ddc
999 _c175650
_d175650